| 000 | 01040nam a22003257a 4500 | ||
|---|---|---|---|
| 003 | DO-SdBPM | ||
| 005 | 20251117072939.0 | ||
| 007 | ta | ||
| 008 | 161214b1989 sp || |||| 00| 0 spa d | ||
| 020 | _a9788434825284 | ||
| 040 |
_aDO-SdBPM _bspa _cBPMSU _erda |
||
| 082 | 4 |
_a863.6 _b H557b 1989 _222 |
|
| 100 | 1 |
_aHernández, Avelino _d1994- _eautor _4aut |
|
| 240 | _k | ||
| 245 | 1 | 3 |
_aLa boina del contador de cuentos / _cAvelino Hernández ; ilusstraciones Juan Ramón Alfonso. |
| 250 | _a3a ed. | ||
| 260 | _a | ||
| 264 |
_aMadrid, España : _bEdiciones S. M., _c1989. |
||
| 300 |
_a95 págians : _bilustraciones ; _c18 cm. |
||
| 336 |
_atexto _btxt _2rdacontent |
||
| 337 |
_asin mediación _bn _2rdamedia |
||
| 338 |
_avolumen _bnc _2rdacarrier |
||
| 490 | 0 |
_aCatamarán, _v7 |
|
| 590 | _aInventariado, 2025/VM | ||
| 650 | 7 | _a Cuentos infantiles españoles | |
| 650 | 7 | _aLiteratura infantil española | |
| 700 | 1 |
_aAlonso, Juan Ramón, _eilustraciones |
|
| 910 | _aVMateo V. Control de calidad. BPMSU | ||
| 942 |
_2ddc _cBK |
||
| 999 |
_c12419 _d12419 |
||